Quizzes
Events
Quiz Creation
Community
Videos
Private Events
Remove Ads
Sign In
Join for FREE
Feedback
Dark Mode
Quiz Categories
Sports
Geography
Music
Movies
Television
Just For Fun
Miscellaneous
History
Literature
Language
Science
Gaming
Entertainment
Religion
Holiday
For Kids
Quiz Lab
Recent
Popular Today
Quiz Kudos Today
Editor Picks
Curator Picks
Quizzes by...
Day
Popularity
Type
Ratings
Length
Year
Community
Subscriptions
Recent Discussions
Orange Saloon
Badges
Playlists
Quests
Create
Leaderboards
Showdown
Live 5
Trivia Bingo
Activity
Puzzle Library
Sporcle Events
Private Events
Virtual Trivia
Globe League
Become a Host
Pub Owners
SporcleCon
Opinionation
Our Games
Videos
Blog
Mobile Apps
Partnerships
Remove Ads and Go Orange
Feedback
Movies
Disney
Marvel Cinematic Universe
Movie Resume
Movie Titles
Oscar
Actor
Actress
Director
Pixar
Role
Movie Quotes
Movie Characters
Box Office
Nominee
Best Picture
Star Wars
James Bond
Horror Movies
Movies
Disney
Marvel Cinematic Universe
Movie Resume
Movie Titles
Oscar
Actor
Actress
Director
Pixar
Role
Movie Quotes
Movie Characters
Box Office
Nominee
Best Picture
Star Wars
James Bond
Horror Movies
Random Quiz
Search Sporcle
×
Quiz Lab
Quiz Lab
Movies
Jedi
Type in answers that appear in a list
Type in answers that appear in a list
Classic
Best Score? Go Orange.
Jedis and Sith Lords Stats
Can you name the Jedis and Sith Lords?
By
gobluewearmaize
5m
14 Questions
201 Plays
201 Plays
201 Plays
Comments
Comments
Give Quiz Kudos
Give Quiz Kudos
-
- Ratings
hide this ad
Replay
Link that replays current quiz
Next Quiz
Link to next quiz in quiz playlist
You Got
0%
They Got
Avg Score
79%
Avg Friend Score
Upgrade to see
Score Distribution
Jump to the score distribution portion of the page
Score
0/14
Timer
05:00
0
Plays Today
Which Movie He Dies In
Jedi/Sith
% Correct
Jedi-
A New Hope
Obi-Wan Kenobi
98%
Jedi-
Revenge of the Sith
Mace Windu
94%
Jedi-
The Phantom Menace
Qui-Gon Jinn
93.5%
Jedi-
Return of the Jedi
Yoda
90%
Sith-
The Phantom Menace
Darth Maul
89.6%
Sith-
Return of the Jedi
Darth Vader
89.6%
Jedi-
doesn't die
Luke Skywalker
86.1%
Which Movie He Dies In
Jedi/Sith
% Correct
Sith-
Revenge of the Sith
Darth Tyranus
83.6%
Sith-
Return of the Jedi
Darth Sidious
81.6%
Jedi-
Revenge of the Sith
Anakin Skywalker
77.6%
Jedi-
Revenge of the Sith
Plo Koon
74.6%
Sith-
Death mentioned by Palpatine in Revenge of the Sith
Darth Plagueis
69.2%
Jedi-
Revenge of the Sith
Ki-Adi-Mundi
49.3%
Jedi-
Revenge of the Sith
Agen Kolar
42.8%
Quiz Playlist
Details
Report
Send in Message
Add To Playlist
Classic:
Type in answers that appear in a list
Last Updated: Feb 16, 2017
Quiz Scoreboard
CHALLENGE
Sign Up to Join the Scoreboard
Show All
Scores
Hide
Comments
May contain spoilers
Recently Published
Click the 1999 NBA Draft
by nibperrychub
Sports
2m
Alphabetical 'K' Countries by Flag Minefield
by ylime102
Geography
3m
Pick 6: Fruits
by JohnFran
Miscellaneous
15s
More to Explore
Quiz From the Vault
Featured Blog Post
15 Basketball Trivia Facts You Can Be March Mad About
hide this ad
You Might Also Like...
Tags
Jed
Jedi
lord
sith
Sith Lords
Today's Top Quizzes in Movies
Browse Movies
hide this ad
Today's Top Quizzes in Jedi
Browse Jedi
Top Contributed Quizzes in Movies
1
Pick 6: Harry Potter
2
Pick 6: Movie Franchises
3
Pick 6: Actors
4
Pick 6: Actresses
5
Pick 6: Disney Princesses
6
Match The President To The Fictional Crisis
7
Marvel Movies: Who Wants to be a Millionaire? HARD
8
10 Quentin Tarantino Movies in Order
9
Movies of the Seasons
10
MCU Criteria: Avengers
Explore More
Trending Topics
Marvel
Kpop
Disney
Anime
Crossword
Harry Potter
NBA
Puzzle
NFL
Country
Song
WWE
The Office
Soccer
Pokémon
hide this ad
More By:
gobluewearmaize
Quiz
Plays
Rating
Category
Featured
Created
star wars alphabet
216
3.50
Movies
Jun 19, 2011
Jedis and Sith Lords
201
Movies
Jun 20, 2011
5-letters starting with L
62
1.80
Literature
Jun 10, 2011
Where Dominic did not check for Mariokart
28
3.00
Gaming
Dec 3, 2016
Go to Creator's Profile
Score Distribution
Quiz Creator Spotlight
gobluewearmaize
Follow
Send a Message
Quizzes Created
-
Created Quiz Play Count
-
More By This Creator
Popular Quizzes Today
1
Find the US States - No Outlines Minefield
2
Countries of Asia Without Outlines Minefield
3
Pick 6: Fruits
4
The Countries of the World
5
Alphabetical 'K' Countries by Flag Minefield
6
Click the 1999 NBA Draft
7
Find the US States
8
Match the Book to the Film X
More Movies Quizzes
Sing to Create: Reflection
Editor's Pick
Trending Quizzes
Pick 6: Harry Potter
Pick 6: Mountains
Pick 6: NFL Teams
Pick 6: Movie Franchises
Pick 6: Golfers
Recently Updated
Women's Final Four Teams by Year
bhenderson79
Presidents Quartet II
eogle
Anything But Clue(do)
eogle
Anything But Oceanian Capitals
eogle
Anything But 7
eogle
Anything But Thing
eogle
Word Ladder: February 29
pecheneg
Song Title Questions
pecheneg
Women's NCAA Tournament #1 Seeds
pecheneg
Celebrity Mug Shots
pecheneg
Trending Topics
Anime
Marvel
NBA
Disney
Crossword
Kpop
Harry Potter
Country
WWE
NFL
Puzzle
The Office
Song
Soccer
Pokémon
Your Account Isn't Verified!
In order to create a playlist on Sporcle, you need to verify the email address you used during registration. Go to your
Sporcle Settings
to finish the process.
Report this User
Report this user for behavior that violates our
Community Guidelines
.
Details:
Send Report
Go to the Sporcle.com Mobile Site →
Comments